| 000 | 00500nam a2200181Ia 4500 | ||
|---|---|---|---|
| 001 | 302 | ||
| 005 | 20260306132322.0 | ||
| 008 | 260306t2024||||xx |||||||||||||| ||spa|| | ||
| 041 | _aESP | ||
| 082 |
_a025.84 _bU61 |
||
| 110 | _aUniversidad de Piura | ||
| 245 | 0 |
_aFormación en patrimonio bibliográfico y documental : _bel proyecto CODICIS Erasmus+ en Latinoamérica (2021-2024) |
|
| 260 | _c2024 | ||
| 300 |
_a176 páginas : _c24 cm. |
||
| 650 | _aGEN | ||
| 654 | _aCHU | ||
| 942 |
_cLIB _dJUS _fJUS _2ddc |
||
| 999 |
_c302 _d302 |
||